[Event "It"]
[Site "masterchessopen.com Calcutta (India)"]
[Round "0"]
[White "Mohanan U C (IND)"]
[Black "Arencibia Walter (CUB)"]
[Result "0-1"]
[WhiteElo "1997"]
[BlackElo "2511"]

1.d4 Nf6 2.c4 g6 3.Nc3 d5 4.cxd5 Nxd5 5.e4 Nxc3 6.bxc3 Bg7 7.Bc4 c5 8.Ne2 Nc6
9.Be3 O-O 10.O-O Qc7 11.Rc1 Rd8 12.Qa4 a6 13.Qa3 Na5 14.Bd3 e5 15.Rfd1 b5
16.d5 c4 17.Bb1 Nb7 18.Qb2 Nd6 19.Ng3 Re8 20.Qd2 Rb8 21.f4 exf4 22.Bxf4 Be5
23.Bxe5 Rxe5 24.Qf4 Qe7 25.Rf1 Bd7 26.Rf2 a5 27.Ne2 Re8 28.Ng3 b4 29.Qd2 h5
30.cxb4 h4 31.Nf1 Nxe4 32.Bxe4 Rxe4 33.bxa5 Qc5 34.Kh1 h3 35.Ng3 Rd4 36.Qg5
Rd1+ 37.Rf1 Qf2 {#R} 0-1

[Event "?"]
[Site "masterchessopen.com Salonika (Greece)"]
[Round "0"]
[White "Arlandi Ennio (ITA)"]
[Black "Henao Raul Fernando (COL)"]
[Result "0-1"]
[WhiteElo "2405"]
[BlackElo "2386"]

1.d4 Nf6 2.c4 g6 3.Nc3 d5 4.cxd5 Nxd5 5.e4 Nxc3 6.bxc3 Bg7 7.Bc4 c5 8.Ne2 Nc6
9.Be3 O-O 10.O-O Qc7 11.Rc1 Rd8 12.Bf4 Qd7 13.d5 Na5 14.Bd3 e6 15.c4 exd5
16.cxd5 b6 17.Qc2 Bb7 18.Bd2 Rac8 19.Bxa5 bxa5 20.Qb3 Qc7 21.Rc2 Rd6 22.Rfc1
Rb6 23.Qa4 Rb4 24.Qa3 Qb6 25.Nc3 c4 26.Bf1 Bf8 27.Re1 Re8 28.Qc1 Qf6 29.a3 Rb3
30.Bxc4 Rxa3 31.d6 Bxd6 32.Nb5 Rxe4 33.Nxa3 Qe5 34.Rxe4 Qxh2+ 35.Kf1 Bxe4
36.f3 Bxc2 37.Qxc2 Qh1+ 38.Kf2 Bc5+ 39.Kg3 Qe1+ 40.Kh3 Bd6 41.f4 Qe3+ 42.g3
Qxa3 43.Qe4 Bf8 44.Qd5 Qe7 45.Qxa5 Qe4 46.Bd5 Qf5+ 47.Kg2 h5 48.Qd2 h4 49.Bb3
Qe4+ 50.Kh3 Qf3 51.Bxf7+ Kxf7 52.Qa2+ Kg7 53.Qa1+ Kh7 {#R} 0-1

[Event "Ch Brazil"]
[Site "masterchessopen.com Sao Paulo (Brazil)"]
[Round "13"]
[White "De Toledo James Mann (BRA)"]
[Black "Tsuboi Edson Kenji (BRA)"]
[Result "1-0"]
[WhiteElo "2388"]
[BlackElo "2350"]

1.d4 Nf6 2.c4 g6 3.Nc3 d5 4.cxd5 Nxd5 5.e4 Nxc3 6.bxc3 Bg7 7.Bc4 c5 8.Ne2 Nc6
9.Be3 O-O 10.O-O Qc7 11.Rc1 Rd8 12.Bf4 Qd7 13.d5 Na5 14.Bd3 e5 15.Bg5 f6
16.Be3 Qe7 17.c4 b6 18.Qd2 Nb7 19.Nc3 Bd7 20.f4 exf4 21.Bxf4 g5 22.Bg3 Nd6
23.Rce1 Rac8 24.Bxd6 Qxd6 25.e5 fxe5 26.Ne4 Qe7 27.d6 Qe6 28.Nxg5 Qg4 29.Bxh7+
Kh8 30.Bg6 Rf8 31.Nf7+ Rxf7 32.Bxf7 e4 33.Rf4 e3 34.Rxg4 exd2 35.Rh4+ Bh6
36.Rd1 Kg7 37.Rxh6 {#r} 1-0

[Event "Ch Brazil"]
[Site "masterchessopen.com Sao Paulo (Brazil)"]
[Round "2"]
[White "Machado Hermes A (BRA)"]
[Black "Tsuboi Edson Kenji (BRA)"]
[Result "0-1"]
[WhiteElo "2310"]
[BlackElo "2350"]

1.d4 Nf6 2.c4 g6 3.Nc3 d5 4.cxd5 Nxd5 5.e4 Nxc3 6.bxc3 Bg7 7.Bc4 c5 8.Ne2 Nc6
9.Be3 O-O 10.O-O Qc7 11.Rc1 Rd8 12.Qa4 Bd7 13.Qa3 Na5 14.Bd3 b6 15.Rfd1 e5
16.f4 Bg4 17.fxe5 c4 18.Bc2 Bxe2 19.Rd2 Bd3 20.Ba4 Nc6 21.Bg5 Rd7 22.Re1 a6
23.d5 Nxe5 24.Bxd7 Qxd7 25.h3 Re8 26.Qxa6 Qd6 27.Rb2 Nf3+ {#R} 0-1

[Event "It (open)"]
[Site "masterchessopen.com Buenos Aires (Argentina)"]
[Round "1"]
[White "Scavo Fernando (ITA)"]
[Black "Bronstein Luis (ARG)"]
[Result "0-1"]
[WhiteElo "2233"]
[BlackElo "2349"]

1.d4 Nf6 2.c4 g6 3.Nc3 d5 4.cxd5 Nxd5 5.e4 Nxc3 6.bxc3 Bg7 7.Bc4 c5 8.Ne2 Nc6
9.Be3 O-O 10.O-O Qc7 11.Rc1 Rd8 12.Qd2 Qa5 13.Rfd1 Bd7 14.Bh6 cxd4 15.Bxg7
Kxg7 16.cxd4 Qxd2 17.Rxd2 e6 18.d5 exd5 19.Bxd5 Rac8 20.Rcd1 Be8 21.h3 b5
22.Nd4 Nxd4 23.Rxd4 a5 24.Kf1 b4 25.e5 Ba4 26.R1d2 Rc1+ 27.Ke2 Bb5+ 28.Kf3 Rc5
29.Kg3 a4 30.e6 fxe6 31.Bxe6 Rxd4 32.Rxd4 Kf6 33.Bg8 b3 34.axb3 a3 35.Rd2 Rc8
36.Bc4 Bxc4 37.bxc4 Ra8 38.Ra2 Ke5 39.Kf3 Kd4 40.Ke2 Kxc4 41.Kd2 Kb3 {#R} 0-1

[Event "Tournament"]
[Site "masterchessopen.com Illinois (USA)"]
[Round "0"]
[White "Umezinwa George (USA)"]
[Black "Lonoff Marc (USA)"]
[Result "1-0"]
[WhiteElo "2242"]
[BlackElo "2260"]

1.d4 Nf6 2.c4 g6 3.Nc3 d5 4.cxd5 Nxd5 5.e4 Nxc3 6.bxc3 Bg7 7.Bc4 c5 8.Ne2 Nc6
9.Be3 O-O 10.O-O Qc7 11.Rc1 Rd8 12.Qd2 a6 13.f4 b5 14.Bd3 f5 15.exf5 c4 16.Be4
gxf5 17.Bf3 e6 18.Qc2 Rb8 19.g4 Ne7 20.Ng3 Rf8 21.g5 Bb7 22.Bxb7 Rxb7 23.Rce1
Nd5 24.Bd2 Qc6 25.Re2 b4 26.h4 bxc3 27.Bxc3 Qd6 28.Bd2 c3 29.Bc1 Bxd4+ 30.Kh2
Rfb8 31.Qd1 Bg7 32.Rfe1 Qc5 33.Rxe6 Qf2+ 34.Kh3 Rb2 35.Re8+ Rxe8 36.Rxe8+ Bf8
37.Qxd5+ Kg7 38.Qe5+ Kf7 39.Qe6+ {#r} 1-0

[Event "Ch NRW (juniors) (under 20)"]
[Site "masterchessopen.com Telgte (Germany)"]
[Round "2"]
[White "Koch Thomas (GER)"]
[Black "Nordsieck Thomas (GER)"]
[Result "1-0"]
[WhiteElo "2054"]
[BlackElo "2343"]

1.d4 Nf6 2.c4 g6 3.Nc3 d5 4.cxd5 Nxd5 5.e4 Nxc3 6.bxc3 Bg7 7.Bc4 c5 8.Ne2 Nc6
9.Be3 O-O 10.O-O Qc7 11.Rc1 Rd8 12.Qd2 Qa5 13.Rfd1 Bd7 14.Qb2 b5 15.Qxb5 Qxb5
16.Bxb5 Nxd4 17.Nxd4 cxd4 18.Bxd7 dxe3 19.fxe3 Be5 20.c4 Bd6 21.Bb5 Ba3 22.Rb1
Kf8 23.Kf2 Rab8 24.Ke2 Bc5 25.Rxd8+ Rxd8 26.Bc6 Bb6 27.Rc1 Bc5 28.Rc2 e6
29.Rb2 Bb6 30.Bb7 Rd7 31.Ba6 Ke7 32.Rb5 Rc7 33.a4 Rc5 34.Rb3 Rc7 35.Bb5 Rc8
36.Rb2 Rd8 37.Rc2 Rc8 38.Ra2 Ba5 39.Rb2 Bb6 40.Rb1 Rd8 41.Ba6 Rd7 42.Rb5 Rc7
43.a5 Bc5 44.e5 h5 45.Rb8 Rd7 46.Bb5 Rd8 47.Rb7+ Kf8 48.Rc7 Bb4 49.Rxa7 Rd2+
50.Kf3 Ra2 51.a6 {#r} 1-0

[Event "Europe Tournament (corr.)"]
[Site "masterchessopen.com corr."]
[Round "0"]
[White "Frederick Robert (FRA)"]
[Black "Schilling Frank"]
[Result "1-0"]
[WhiteElo "2210"]
[BlackElo "1865"]

1.d4 Nf6 2.c4 g6 3.Nc3 d5 4.cxd5 Nxd5 5.e4 Nxc3 6.bxc3 Bg7 7.Bc4 c5 8.Ne2 Nc6
9.Be3 O-O 10.O-O Qc7 11.Rc1 Rd8 12.f4 Bg4 13.f5 cxd4 14.cxd4 Qb6 15.fxg6 hxg6
16.Bxf7+ Kh7 17.Bxg6+ Kg8 18.Bf7+ Kh8 19.Qe1 Bf6 20.Rxf6 exf6 21.Qh4+ Kg7
22.Bc4 Rh8 23.Qxg4+ Kf8 24.Qg6 Nd8 25.Rf1 Ke7 26.Qg7+ Nf7 27.Qxf7+ Kd8 28.Be6
Qc7 29.Qxf6+ {#r} 1-0

[Event "Ch Austria (1/2 final)"]
[Site "masterchessopen.com Finkenstein (Austria)"]
[Round "0"]
[White "Gaertner Guntram (AUT)"]
[Black "Postl Anton (AUT)"]
[Result "0-1"]
[WhiteElo "2332"]
[BlackElo "2270"]

1.d4 Nf6 2.c4 g6 3.Nc3 d5 4.cxd5 Nxd5 5.e4 Nxc3 6.bxc3 Bg7 7.Bc4 c5 8.Ne2 Nc6
9.Be3 O-O 10.O-O Qc7 11.Rc1 Rd8 12.Qd2 a6 13.a4 Na5 14.Ba2 Bd7 15.Bf4 e5
16.Bg5 Re8 17.f4 exd4 18.f5 c4 19.Nxd4 Rxe4 20.f6 Bf8 21.Kh1 Rae8 22.Bf4 Rxf4
23.Rxf4 Bh6 24.Ne2 Qe5 25.Qxd7 Bxf4 26.Rc2 Bg5 27.Ng1 Qe1 28.h3 Bxf6 29.Qg4
Re4 30.Qf3 Be5 31.Rf2 f5 32.g4 f4 33.Kg2 Kg7 34.Ne2 Re3 35.Qd5 f3+ {#R} 0-1

[Event "It \"]
[Site "masterchessopen.com Habana (Cuba)"]
[Round "4"]
[White "Barros Raul (COL)"]
[Black "Ruiz Alciguel (COL)"]
[Result "1-0"]
[WhiteElo "2054"]
[BlackElo "2194"]

1.d4 Nf6 2.c4 g6 3.Nc3 d5 4.cxd5 Nxd5 5.e4 Nxc3 6.bxc3 Bg7 7.Bc4 c5 8.Ne2 Nc6
9.Be3 O-O 10.O-O Qc7 11.Rc1 Rd8 12.Qd2 Qa5 13.Qb2 b6 14.Qb5 Qxb5 15.Bxb5 Bb7
16.dxc5 bxc5 17.Bxc5 Rd2 18.Rb1 Rc8 19.Be3 Rd6 20.Rfd1 a6 21.Rxd6 exd6 22.Ba4
Na5 23.f3 d5 24.Bb6 Nc4 25.Bd7 Ra8 26.Bc7 Bc8 27.Bc6 Ra7 28.Bf4 Be5 29.Bxe5
Nxe5 30.Bxd5 Rc7 31.Kf2 Kg7 32.Ke3 Nc4+ 33.Kd4 Na3 34.Rc1 a5 35.c4 Ba6 36.Rc3
Nb1 37.Rc1 Na3 38.Rc3 Nb1 39.Rb3 Nd2 40.Rb2 Nxc4 41.Rc2 Nd6 42.Rxc7 Nb5+
43.Kc5 Nxc7 44.Kb6 Bxe2 45.Kxc7 f6 46.f4 a4 47.e5 h6 48.e6 {#r} 1-0

[Event "Ch URS (club)"]
[Site "masterchessopen.com Podolsk (Russia)"]
[Round "0"]
[White "Sagalchik Gennadij (USA)"]
[Black "Gubernatorov Sergey (RUS)"]
[Result "1-0"]
[WhiteElo "2360"]
[BlackElo "2311"]

1.d4 Nf6 2.c4 g6 3.Nc3 d5 4.cxd5 Nxd5 5.e4 Nxc3 6.bxc3 Bg7 7.Bc4 c5 8.Ne2 Nc6
9.Be3 O-O 10.O-O Qc7 11.Rc1 Rd8 12.Qd2 Ne5 13.Bb3 c4 14.Bc2 Ng4 15.Bf4 e5
16.Bg3 Qa5 17.Rfd1 exd4 18.cxd4 Qxd2 19.Rxd2 b6 20.f3 Ne5 21.Bf4 Nd3 22.Bxd3
cxd3 23.Rxd3 Ba6 24.Rd2 Bxe2 25.Rxe2 Bxd4+ 26.Kf1 Bc5 27.Rd2 Rxd2 28.Bxd2 Rd8
29.Ke2 Rd4 30.Rc2 Ra4 31.g4 f6 32.h4 h5 33.gxh5 gxh5 34.Be3 Bd6 35.Rd2 Bg3
36.Bf2 Bf4 37.Be3 Bg3 38.Bf2 Bxf2 39.Kxf2 Kf7 40.Ke3 Ra3+ 41.Kf4 Ke6 42.Rb2
Rc3 43.Rb5 Ra3 44.Rxh5 Rxa2 45.Rh7 a5 46.Rb7 Rb2 47.h5 f5 48.h6 fxe4 49.fxe4
Rf2+ 50.Ke3 Rb2 51.Rb8 Rh2 52.Rxb6+ Kf7 53.Ra6 a4 54.Kd4 a3 55.Ra7+ Kg6
56.Rxa3 Rd2+ 57.Ke5 Kxh6 58.Rg3 {#r} 1-0

[Event "Ch Amateur Team"]
[Site "masterchessopen.com USA"]
[Round "0"]
[White "Eckert Doug D (USA)"]
[Black "Heurung David (USA)"]
[Result "1-0"]
[WhiteElo "2246"]
[BlackElo "2271"]

1.d4 Nf6 2.c4 g6 3.Nc3 d5 4.cxd5 Nxd5 5.e4 Nxc3 6.bxc3 Bg7 7.Bc4 O-O 8.Be3 c5
9.Ne2 Nc6 10.O-O Qc7 11.Rc1 Rd8 12.f4 Na5 13.Bd3 e6 14.f5 exf5 15.exf5 Re8
16.Bg5 b6 17.Nf4 Bb7 18.d5 c4 19.Bb1 Be5 20.Nh5 Qc5+ 21.Rf2 Bxd5 22.Nf6+ Bxf6
23.Bxf6 Be4 24.fxg6 hxg6 25.Qd2 Qh5 26.Bxe4 Rxe4 27.Rf3 Rg4 28.Kh1 g5 29.Rh3
Rh4 30.Rxh4 gxh4 31.Re1 Qg6 32.Qf4 Rc8 33.Qxh4 {#r} 1-0

[Event "It (open) \"]
[Site "masterchessopen.com Berlin (Germany)"]
[Round "0"]
[White "Kiese Matthias (GER)"]
[Black "Steinmueller Stephan"]
[Result "1-0"]
[WhiteElo "2253"]
[BlackElo "1935"]

1.d4 Nf6 2.c4 g6 3.Nc3 d5 4.cxd5 Nxd5 5.e4 Nxc3 6.bxc3 Bg7 7.Bc4 c5 8.Ne2 Nc6
9.Be3 O-O 10.O-O Qc7 11.Rc1 Rd8 12.f4 Bg4 13.f5 Na5 14.Bd3 Qd7 15.d5 gxf5
16.c4 fxe4 17.Bxe4 e6 18.Qe1 b6 19.Nf4 e5 20.Ne6 fxe6 21.Qh4 h5 22.h3 exd5
23.cxd5 Rf8 24.hxg4 Qxg4 25.Qxg4 hxg4 26.Bg5 Rxf1+ 27.Rxf1 Nb7 28.d6 Rb8
29.Bd5+ Kh7 30.d7 Nd8 31.Be7 a6 32.Bd6 {#r} 1-0

[Event "It (open)"]
[Site "masterchessopen.com Eger (Hungary)"]
[Round "0"]
[White "Roemer Ulrich (GER)"]
[Black "Keller Wolfgang (GER)"]
[Result "1-0"]
[WhiteElo "2292"]
[BlackElo "2165"]

1.c4 Nf6 2.Nc3 d5 3.d4 g6 4.cxd5 Nxd5 5.e4 Nxc3 6.bxc3 Bg7 7.Bc4 c5 8.Ne2 Nc6
9.Be3 O-O 10.O-O Qc7 11.Rc1 Rd8 12.Bf4 e5 13.Bg5 Re8 14.d5 Na5 15.d6 Qd7
16.Bd5 Kh8 17.Be7 Rxe7 18.dxe7 Qxe7 19.Qa4 Nc6 20.Bxc6 bxc6 21.Qxc6 Bb7 22.Qa4
Qe6 23.Rfd1 Bc6 24.Qa5 Qe7 25.f3 Bh6 26.Rb1 Be3+ 27.Kf1 f5 28.Qa6 Qc7 29.Qd3
f4 30.Qd6 Rc8 31.Qf6+ Kg8 32.Rd6 Ba4 33.Qe6+ {#r} 1-0

[Event "Ch Germany (juniors)"]
[Site "masterchessopen.com Germany"]
[Round "0"]
[White "Hoffmann Norbert (GER)"]
[Black "Kargoll Boris (GER)"]
[Result "0-1"]
[WhiteElo "2100"]
[BlackElo "2268"]

1.d4 Nf6 2.c4 g6 3.Nc3 d5 4.cxd5 Nxd5 5.e4 Nxc3 6.bxc3 Bg7 7.Bc4 c5 8.Ne2 Nc6
9.Be3 O-O 10.O-O Qc7 11.Bd5 Rd8 12.Qc2 cxd4 13.cxd4 Bd7 14.Bg5 Rdc8 15.Rac1 e6
16.Bxc6 Qxc6 17.Qd3 Qa4 18.Rb1 b6 19.a3 Rc4 20.Rfc1 Rac8 21.Bd2 Rxc1+ 22.Bxc1
a6 23.Rb4 Bb5 24.Rxb5 Qxb5 25.Qxb5 axb5 26.Be3 Ra8 27.Bc1 Bf8 28.Kf1 Bxa3
29.Be3 b4 30.d5 exd5 31.exd5 b3 32.Nc3 Bb4 {#R} 0-1

[Event "It (open)"]
[Site "masterchessopen.com Rheinland (Germany)"]
[Round "0"]
[White "Lenhardt Stefan (GER)"]
[Black "Bahr Peter (GER)"]
[Result "0-1"]
[WhiteElo "2019"]
[BlackElo "1909"]

1.d4 Nf6 2.c4 g6 3.Nc3 d5 4.cxd5 Nxd5 5.e4 Nxc3 6.bxc3 Bg7 7.Bc4 c5 8.Ne2 Nc6
9.Be3 O-O 10.O-O Qc7 11.Qc2 Na5 12.Bb3 Nxb3 13.Qxb3 b6 14.Rfd1 Bb7 15.f3 Rfd8
16.a4 Ba6 17.Ng3 Rac8 18.a5 cxd4 19.axb6 axb6 20.cxd4 Bc4 21.Qb4 b5 22.Rac1
Qa7 23.Ra1 Qc7 24.Rac1 Qb6 25.Qd2 b4 26.d5 Qb5 27.Bd4 b3 28.Bxg7 Kxg7 29.Nf1
Be2 30.Qb2+ f6 31.Re1 Bd3 32.Nd2 Rc2 33.Rxc2 Bxc2 34.Re3 Rb8 35.Rc3 Qb4 36.Kf1
Qd4 37.Ke1 Rc8 38.Rxc2 Qg1+ 39.Ke2 Rxc2 {#R} 0-1

[Event "Ch World (juniors) (under 12)"]
[Site "masterchessopen.com Duisburg (Germany)"]
[Round "0"]
[White "Fedorchuk Sergey A (UKR)"]
[Black "Nur Nawrose Farh (USA)"]
[Result "1-0"]
[WhiteElo "2635"]
[BlackElo "2167"]

1.c4 Nf6 2.Nc3 d5 3.cxd5 Nxd5 4.d4 g6 5.e4 Nxc3 6.bxc3 Bg7 7.Bc4 O-O 8.Be3 c5
9.Ne2 Nc6 10.O-O Qc7 11.Rc1 Rd8 12.Qd2 b6 13.Bf4 Qd7 14.Rfd1 Bb7 15.Be3 Rac8
16.Qe1 Na5 17.Bd3 cxd4 18.cxd4 Qa4 19.Bb1 Nc4 20.Bg5 Rd7 21.Qc3 Rdc7 22.Re1 e6
23.Qg3 Qd7 24.e5 Na5 25.Rcd1 Ba6 26.h4 Nc6 27.Qf4 Ne7 28.Ng3 Nd5 29.Qd2 Qa4
30.Ne4 Qb4 31.Qxb4 Nxb4 32.Nd6 Nd5 33.a3 Rf8 34.Ne4 Rfc8 35.g4 h6 36.Bd2 Bf8
37.a4 Rc4 38.Ba2 Rxd4 39.Bxd5 exd5 40.Nf6+ Kg7 41.Bxh6+ Kxh6 42.Rxd4 Bb7
43.g5+ Kg7 44.Nxd5 Rd8 45.Red1 Bc5 46.R4d2 Rh8 47.Nf6 Bc6 48.Rd8 Rxd8 49.Rxd8
Be8 50.Nxe8+ Kf8 51.Nf6+ Ke7 52.Re8# 1-0

[Event "It (open)"]
[Site "masterchessopen.com Goteborg (Sweden)"]
[Round "9"]
[White "Faldt Magnus (SWE)"]
[Black "Karlsson Tomas (SWE)"]
[Result "0-1"]
[WhiteElo "2257"]
[BlackElo "2235"]

1.d4 Nf6 2.c4 g6 3.Nc3 d5 4.cxd5 Nxd5 5.e4 Nxc3 6.bxc3 Bg7 7.Bc4 c5 8.Ne2 Nc6
9.Be3 O-O 10.O-O Qc7 11.Rc1 Rd8 12.Bf4 Qd7 13.d5 Na5 14.Bd3 e5 15.Be3 b6 16.f4
Nb7 17.Qe1 Nd6 18.Qh4 Re8 19.Rf3 Qg4 20.Qf2 Qd7 21.Rf1 exf4 22.Rxf4 Be5 23.Rh4
Qe7 24.Kh1 f5 25.exf5 Bxf5 26.Bxf5 Nxf5 27.Rg4 Bg7 28.d6 Qxe3 29.d7 Re7 {#R}
0-1

[Event "Ch Hessen (qual)"]
[Site "masterchessopen.com Hessen (Germany)"]
[Round "0"]
[White "Gruettner Ralf (GER)"]
[Black "Hagenbach Udo (GER)"]
[Result "1-0"]
[WhiteElo "2085"]
[BlackElo "2187"]

1.d4 Nf6 2.c4 g6 3.Nc3 d5 4.cxd5 Nxd5 5.e4 Nxc3 6.bxc3 Bg7 7.Bc4 c5 8.Ne2 Nc6
9.Be3 O-O 10.O-O Qc7 11.Rc1 Rd8 12.Qd2 Qa5 13.Qb2 a6 14.Rfd1 b5 15.Bd5 Bd7
16.Bxc6 Bxc6 17.d5 Bb7 18.Bxc5 e6 19.dxe6 fxe6 20.Qb3 Kf7 21.Nf4 Bc8 22.Nd3
Qc7 23.Bd4 Bh6 24.Rc2 Kf8 25.Bf6 Re8 26.Ne5 Bf4 27.Qb4+ Kg8 28.Qd4 Bb7 29.g3
Bxe5 30.Bxe5 Qc6 31.f3 Rad8 32.Qxd8 Rxd8 33.Rxd8+ Kf7 34.Rcd2 Qc5+ 35.Kg2 Bc6
36.Bd4 Qg5 37.Bf2 a5 38.R8d6 Be8 39.f4 Qe7 40.Be3 Qc7 41.Ra6 Qxc3 42.Ra7+ Kf8
43.Kf3 h5 44.Rd8 Qe1 45.Bc5+ {#r} 1-0

[Event "Ch Hungary (team) 1992/93"]
[Site "masterchessopen.com Hungary"]
[Round "0"]
[White "Csonkics Tunde (HUN)"]
[Black "Solti Laszlo (HUN)"]
[Result "1-0"]
[WhiteElo "2205"]
[BlackElo "2161"]

1.d4 Nf6 2.c4 g6 3.Nc3 d5 4.cxd5 Nxd5 5.e4 Nxc3 6.bxc3 Bg7 7.Bc4 c5 8.Ne2 Nc6
9.Be3 O-O 10.O-O Qc7 11.Rc1 Rd8 12.Bf4 Qd7 13.d5 Na5 14.Bd3 c4 15.Bc2 b5
16.Nd4 a6 17.Qd2 Qb7 18.Qe3 Qb6 19.Qg3 Ra7 20.Be3 Qc7 21.Bf4 Qd7 22.Rfd1 Qg4
23.Qe3 Bxd4 24.Qxd4 Rb7 25.Bg3 Qd7 26.Qc5 Re8 27.h4 Qd8 28.Rb1 Bd7 29.h5 e5
30.dxe6 Rxe6 31.Rd4 Nc6 32.Rd5 Qf8 33.Bd6 Qg7 34.Qa3 Nd8 35.Qa5 Re8 36.Bf4 Qf6
37.Bg5 Nc6 38.Qxa6 Qxc3 39.Qxb7 Qxc2 40.Rc1 Qxe4 41.Qxd7 {#r} 1-0

[Event "Tournament (team)"]
[Site "masterchessopen.com Ireland"]
[Round "0"]
[White "O'Connell Gerard (IRL)"]
[Black "Waters Michael (IRL)"]
[Result "1-0"]
[WhiteElo "2140"]
[BlackElo "2116"]

1.d4 Nf6 2.c4 g6 3.Nc3 d5 4.cxd5 Nxd5 5.e4 Nxc3 6.bxc3 Bg7 7.Bc4 c5 8.Ne2 Nc6
9.Be3 O-O 10.O-O Qc7 11.Rc1 Rd8 12.Qd2 b6 13.f4 e6 14.Kh1 Na5 15.Bd3 f5 16.Ng3
Bb7 17.Qf2 Rac8 18.exf5 exf5 19.Nxf5 gxf5 20.Bxf5 Nc4 21.Be6+ Kh8 22.Bxc4 Qc6
23.f5 Rf8 24.Be6 Rce8 25.d5 Qd6 26.Bf4 Be5 27.Qg3 Rxe6 28.dxe6 Bxg2+ 29.Qxg2
Bxf4 30.Rcd1 Qe5 31.e7 Rg8 32.Rd8 {#r} 1-0

[Event "Olympiad"]
[Site "masterchessopen.com Manila (Philippines)"]
[Round "0"]
[White "Dambravaite Asta (LTU)"]
[Black "Damasco Rosa (ITA)"]
[Result "1-0"]
[WhiteElo "2089"]
[BlackElo "2087"]

1.d4 Nf6 2.c4 g6 3.Nc3 d5 4.cxd5 Nxd5 5.e4 Nxc3 6.bxc3 Bg7 7.Bc4 c5 8.Be3 Nc6
9.Ne2 O-O 10.O-O Qc7 11.Bb5 Rd8 12.Qa4 Bg4 13.f3 Bd7 14.d5 Ne5 15.Rab1 b6
16.c4 Bxb5 17.Qxb5 Qd7 18.Qb3 Qb7 19.f4 Ng4 20.Bxc5 Rac8 21.Bb4 Nf6 22.e5 Ne4
23.Qd3 Nc5 24.Qa3 Qd7 25.Rfd1 Qg4 26.Qe3 Bh6 27.Rd4 Qf5 28.Rbd1 a5 29.Ba3 Bg7
30.Nc3 f6 31.e6 Bf8 32.h3 Qh5 33.g4 Qh6 34.Kg2 f5 35.g5 Qh4 36.Bxc5 bxc5
37.R4d2 Bg7 38.Nb5 h6 39.d6 hxg5 40.dxe7 Rxd2+ 41.Rxd2 g4 42.Nd6 gxh3+ 43.Kh1
Rb8 44.e8=Q+ Rxe8 45.Nxe8 Bd4 46.Qe2 Qxf4 47.e7 Be5 48.Nf6+ Kg7 49.e8=Q Kxf6
50.Qd1 Bc7 51.Rd6+ Bxd6 {#r} 1-0

[Event "Olympiad"]
[Site "masterchessopen.com Manila (Philippines)"]
[Round "0"]
[White "Dambravaite Asta (LTU)"]
[Black "Kondou Eva (GRE)"]
[Result "1-0"]
[WhiteElo "2089"]
[BlackElo "2187"]

1.d4 Nf6 2.c4 g6 3.Nc3 d5 4.cxd5 Nxd5 5.e4 Nxc3 6.bxc3 Bg7 7.Bc4 c5 8.Be3 Nc6
9.Ne2 O-O 10.O-O Qc7 11.Bb5 Rd8 12.Qa4 Bd7 13.d5 Ne5 14.Rab1 Bg4 15.Ng3 a6
16.Be2 b5 17.Qc2 Bxe2 18.Nxe2 Nc4 19.Bc1 Qd7 20.Nf4 Rac8 21.Qb3 Nd6 22.f3 a5
23.Re1 Qa7 24.Kh1 b4 25.Bb2 a4 26.Qc2 Nc4 27.Ne2 e6 28.Bc1 bxc3 29.Nxc3 Qa5
30.e5 Bxe5 31.Bb2 Nxb2 32.Rxe5 Nc4 33.Re4 Na3 34.Rxa4 Nxc2 35.Rxa5 exd5 36.Rc1
Ne3 37.Kg1 d4 38.Ne4 c4 39.Kf2 Nd5 40.Rxd5 Rxd5 41.Nf6+ Kf8 42.Nxd5 Rc5 43.Nb6
Ra5 44.a4 Ra6 45.Nd7+ Ke7 46.Nc5 {#r} 1-0

[Event "It (open) \"]
[Site "masterchessopen.com Pardubice (Czech Republic)"]
[Round "0"]
[White "Lobach Pavel V (RUS)"]
[Black "Krupkova Petra (CZE)"]
[Result "0-1"]
[WhiteElo "2309"]
[BlackElo "2270"]

1.d4 Nf6 2.c4 g6 3.Nc3 d5 4.cxd5 Nxd5 5.e4 Nxc3 6.bxc3 Bg7 7.Bc4 c5 8.Ne2 Nc6
9.Be3 O-O 10.O-O Qc7 11.Rc1 Rd8 12.f4 Bg4 13.f5 gxf5 14.h3 Bh5 15.Rxf5 cxd4
16.Bf4 Qb6 17.Kh1 dxc3 18.Qf1 Qb4 19.Ng3 Bg6 20.Rb5 Qa3 21.Nf5 Nd4 22.Rxb7
Nxf5 23.exf5 Bxf5 24.Bg5 e6 25.Bxd8 Rxd8 26.Bb3 Qb2 27.Rxa7 Rf8 28.Qf4 Be4
29.Qxe4 Qxc1+ 30.Kh2 Qg5 31.Rd7 Qe5+ 32.Qxe5 Bxe5+ 33.Kg1 Rc8 34.Bc2 Rb8 35.a4
Rb2 36.Bd3 c2 37.Rd8+ Kg7 38.Rc8 Rb1+ {#R} 0-1

[Event "Tournament (team)"]
[Site "masterchessopen.com France"]
[Round "0"]
[White "Lucio Georges (FRA)"]
[Black "Bourquin Pascal (FRA)"]
[Result "0-1"]
[WhiteElo "2039"]
[BlackElo "2219"]

1.d4 Nf6 2.c4 g6 3.Nc3 d5 4.cxd5 Nxd5 5.e4 Nxc3 6.bxc3 Bg7 7.Bc4 c5 8.Be3 O-O
9.Ne2 Nc6 10.O-O Qc7 11.Rb1 cxd4 12.cxd4 Nxd4 13.Bxf7+ Rxf7 14.Nxd4 Qd7 15.Nb5
b6 16.Qb3 a6 17.Na3 b5 18.Rfd1 Qe8 19.Rbc1 e5 20.Rc3 Be6 21.Qb2 Rd7 22.Rcd3
Rad8 23.R3d2 Rxd2 24.Rxd2 Rxd2 25.Qxd2 Qd7 26.Qxd7 Bxd7 27.Bc5 Bf8 28.Bxf8
Kxf8 29.Nc2 a5 30.a3 b4 31.axb4 Ba4 32.Ne1 axb4 33.Nd3 b3 34.Nb2 Bb5 35.f3 Ke7
36.Kf2 Kd6 37.Ke3 Kc5 38.Kd2 Kd4 39.g3 Bf1 40.Nd1 Bg2 41.Ke2 Bh1 42.h4 h6
43.Nb2 Kc3 44.Na4+ Kd4 45.Nb2 Bg2 46.Nd1 Bh3 47.Kd2 g5 48.hxg5 hxg5 49.Nb2 Bg2
50.Ke2 g4 51.fxg4 Bxe4 52.Kd2 Bg6 53.Nd1 e4 54.Nb2 e3+ 55.Ke2 Be8 56.Nd1 Bb5+
57.Ke1 e2 {#R} 0-1

[Event "It (open)"]
[Site "masterchessopen.com Hamburg (Germany)"]
[Round "1"]
[White "Lange Siegfried (GER)"]
[Black "Michaelsen Nils (GER)"]
[Result "0-1"]
[WhiteElo "2059"]
[BlackElo "2412"]

1.d4 Nf6 2.c4 g6 3.Nc3 d5 4.cxd5 Nxd5 5.e4 Nxc3 6.bxc3 Bg7 7.Bc4 c5 8.Be3 Nc6
9.Ne2 O-O 10.O-O Qc7 11.Rc1 Rd8 12.Qd2 a6 13.Rfd1 b5 14.Bd3 e6 15.f3 Bb7
16.Qe1 cxd4 17.cxd4 Qb6 18.Rxc6 Bxc6 19.Qf2 Qb7 20.e5 Qe7 21.f4 Rac8 22.g4 f5
23.exf6 Bxf6 24.g5 Bg7 25.h4 Qb7 26.Ng3 Bf3 27.Rf1 Rc3 28.Qd2 b4 29.Ne2 Bxe2
30.Qxe2 Qd5 {#R} 0-1

[Event "Ch Hungary (team) 1992/93"]
[Site "masterchessopen.com Hungary"]
[Round "0"]
[White "Kladiva Imre (HUN)"]
[Black "Bernat Robert (HUN)"]
[Result "1-0"]
[WhiteElo "2014"]
[BlackElo "2117"]

1.d4 Nf6 2.c4 g6 3.Nc3 d5 4.cxd5 Nxd5 5.e4 Nxc3 6.bxc3 Bg7 7.Bc4 c5 8.Ne2 Nc6
9.Be3 O-O 10.O-O Qc7 11.Rc1 Rd8 12.Ng3 a6 13.a4 Qa5 14.Qb3 e6 15.d5 exd5
16.Bxd5 Rd7 17.f4 Nd8 18.e5 Re7 19.Ne4 Ne6 20.g4 Nc7 21.Bxc5 Nxd5 22.Qxd5 Be6
23.Qd4 Rd7 24.Nd6 Qd8 25.f5 gxf5 26.gxf5 Qg5+ 27.Kh1 Bxf5 28.Rg1 Qh5 29.Rxg7+
Kxg7 30.e6+ f6 31.Nxf5+ Qxf5 32.Qxd7+ Kh8 33.Qxb7 Rg8 34.Rg1 Qxc5 35.Rxg8+
Kxg8 36.Qf7+ {#r} 1-0

[Event "It (open)"]
[Site "masterchessopen.com Lima (Peru)"]
[Round "7"]
[White "Caceres Cortes Julio (CAN)"]
[Black "Retamozo Henry (PER)"]
[Result "0-1"]
[WhiteElo "2053"]
[BlackElo "2162"]

1.d4 Nf6 2.c4 g6 3.Nc3 d5 4.cxd5 Nxd5 5.e4 Nxc3 6.bxc3 Bg7 7.Bc4 c5 8.Ne2 Nc6
9.Be3 O-O 10.O-O Qc7 11.Bf4 e5 12.dxe5 Bxe5 13.Qd2 Be6 14.Bd5 Rad8 15.Bxe5
Nxe5 16.f4 Nc4 17.Qd3 b5 18.f5 Bxd5 19.Qh3 Qe5 20.f6 Qxe4 21.Rf3 Rd6 22.Ng3
Qe5 23.Qh6 Rxf6 24.Rxf6 Qxf6 25.Nh5 Qxc3 26.Rc1 Qd4+ {#R} 0-1

[Event "It (open)"]
[Site "masterchessopen.com Muenster (Germany)"]
[Round "1"]
[White "Vinke Andreas (GER)"]
[Black "Himmel Hansjoerg (GER)"]
[Result "0-1"]
[WhiteElo "2213"]
[BlackElo "2245"]

1.d4 Nf6 2.c4 g6 3.Nc3 d5 4.cxd5 Nxd5 5.e4 Nxc3 6.bxc3 Bg7 7.Bc4 c5 8.Ne2 Nc6
9.Be3 O-O 10.O-O Qc7 11.Qc2 Na5 12.Bb3 b6 13.Rac1 Ba6 14.Qd2 Rad8 15.Rfe1 Qd7
16.Red1 Nxb3 17.axb3 Qb5 18.Nf4 Qxb3 19.Ra1 Qc4 20.Nd5 e6 21.Nc7 Bb7 22.Rxa7
cxd4 23.Nxe6 Qxe6 24.Rxb7 dxe3 25.Qxd8 e2 {#R} 0-1